000 01032nam a2200241 a 4500
001 40087
003 BD-RjUL
005 20211209053131.0
008 160421s1970 pk ||||| |||| 00| 0 ben d
020 _c: PRs.10.00
035 _a(BD-RjUL)40202
040 _aBD-RjUL
_bben
_cBD-RjUL
041 _aben
082 _223
_a891.4409
_bANB 1970
100 _aআনিসুজ্জামান
_9123444
245 _aব্যাতিক্রমী প্রসঙ্গ /
_cআনিসুজ্জামান, সম্পদানা : হায়াৎ মামুদ
260 _aঢাকা :
_bপাকিস্তান বুক কর্পোরেশন,
_c১৯৭০
300 _a[৬], ২৭৭ পৃ. ;
_c২০ সে.মি.
650 _aবাংলা সাহিত্য
_vইতিহাস ও সমালোচনা
_9117445
650 _aBengali literature
_vHistory and Critisiam
_9123445
700 _aমামুদ, হায়াৎ সম্পাদনা
_9123446
942 _2ddc
_cBK
999 _c40087
_d40087